| Поле | Инд. | ПП | Название | Значение |
|---|---|---|---|---|
| Тип записи | a | |||
| Библиографический уровень | m | |||
| 001 | Контрольный номер | 98ee9f64-bf71-4976-a276-41987efe5a8a | ||
| 005 | Дата корректировки | 20131112142947.2 | ||
| 008 | Кодируемые данные | 060607s1984 rur a 000u 0rus d | ||
| 017 | a | Номер государственной регистрации | 84-52296 | |
| 2 | Источник номера | ЛГР | ||
| 020 | c | Цена, тираж | 15 к. | |
| 040 | a | Служба первич. каталог. | RuMoRKP | |
| 041 | 00 | a | Код языка текста | rus |
| 080 | 00 | a | Индекс УДК | 613.71-053.9 |
| 084 | a | Индекс другой классификации/Индекс ББК | 75.0 | |
| 090 | x | Авторский знак | Г461 | |
| 100 | _0 | a | Автор | Гиббс Рассел |
| 245 | a | Заглавие | Если вам за 50 | |
| b | Продолж. заглавия | [Пер. с англ.] | ||
| c | Ответственность | Расел Гиббс | ||
| 260 | a | Место издания | Москва | |
| b | Издательство | Физкультура и спорт | ||
| c | Дата издания | 1984 | ||
| 300 | a | Объем | 81 с. | |
| b | Иллюстрации/ тип воспроизводства | ил. | ||
| c | Размеры | 20 см | ||
| 440 | a | Серия | Физкультура и здоровье | |
| 500 | a | Примечание | Перевод изд.: Exercise for the over-50s / Russell Gibbs (Melbourne) | |
| 650 | a | Основная рубрика | Гигиена личная в среднем и пожилом возрасте | |
| 653 | a | Ключевые слова | Физическая культура и спорт |